000 01623namaa22003251i 4500
003 EG-GICUC
005 20260217134217.0
008 260217m19951996le ||||jr|||| 000 0 ara d
040 _aEG-GiCUC
_bara
_cEG-GiCUC
_dEG-GiCUC
_erda
082 0 4 _221
_a234.6
_bH154l
092 0 4 _221
_a234.6
_bH154l
099 _a234.6 H154l
100 1 _aابن حجر العسقلاني، أحمد بن علي،
_d1372-1449
_eمؤلف.
245 1 _aلسان الميزان /
_cللإمام العلامة الفريد فريد دهره ووحيد عصره شيخ الإسلام شهاب الدين أحمد بن على بن محمد بن محمد بن على بن أحمد الشهير ابن حجر العسقلانى ؛ حقق نصوصه وعلق عليه نسختين خطيتين مكتب التحقيق بإشراف محمد عبد الرحمن المرعشلى
250 _aالطبعة الاولى
264 _aبيروت(لبنان) :
_bدار إحياء التراث العربى،
_c1995-1996
300 _a؛ 10 مجلدات
_c24 سم
336 _2rdacontent
_atext
337 _2rdamedia
_aUnmediated
338 _2rdacarrier
_avolume
500 _aالمجلد العاشر (المقدمة)
504 _aيشتمل على ارجاعات ببليوجرافية
541 _aد. جابر عصفور ؛
_bالقاهرة ؛
_cإهداء ؛
_d2024.
650 1 7 _aالحديث
_xرواة الحديث
_2qrmak
650 1 7 _aطبقات رواة الحديث وحفاظه
_2qrmak
651 1 _2qrmak
700 1 _aالمرعشلى، محمد عبد الرحمن
_eمحقق.
905 _aHuda
942 _2ddc
_cBK
_e21
_n0
999 _c178569
_d178569